| 000 | 01640cam a2200241 4500 | ||
|---|---|---|---|
| 001 | ##L131317 | ||
| 008 | 051019n2005 000 0 eng u | ||
| 020 | _a0117539562 | ||
| 035 | _a(Sirsi) u131317 | ||
| 041 | 0 | _aeng | |
| 050 | 0 | 4 | _a690.241026 $2 18 |
| 110 | 1 |
_aUnited Kingdom _bOffice of the Deputy Prime Minister |
|
| 245 | 0 | 0 |
_aArrangements for handling heritage applications _bnotification to National Amenity Societies Direction 2005 $[ electronic resource] |
| 260 |
_aLondon _bODPM _c2005 |
||
| 490 | 0 |
_aODPM Circular _v09/2005 |
|
| 490 | 0 |
_aDCMS Circular _v01/2005 |
|
| 520 | _aUpdates advice to local planning authorities in respect of those National Amenity Societies (NAS) to whom they must send notice of applications for listed building consent and the decisions taken by them on those applications, in the following cases: works for the demolition of a listed building or works for the alteration of a listed building which comprise or include the demolition of any part of that building. The NAS are the Ancient Monuments Society, the Council for British Archaeology, the Georgian Group, the Society for the Protection of Ancient Buildings, the Victorian Society and the Twentieth Century Society. The Direction comes into force on 6 October 2005 and relates to England only. | ||
| 590 | _aIKA251005 | ||
| 650 | 2 | 4 | _aODPM CIRCULAR 09/2005 |
| 690 | _aBUILT ENVIRONMENT-BUILDING TYPES-HISTORIC BUILDINGS AND ANCIENT MONUMENTS-LISTED BUILDINGS | ||
| 856 | 4 | 0 |
_uhttps://www.communities.gov.uk/publications/planningandbuilding/circulararrangements2 _zView the item free of charge at www.communities.gov.uk |
| 942 | _n0 | ||
| 999 |
_c104711 _d104711 |
||